Movies Quiz

Random Movies or Quote Quiz

Lionized Movie Quotes Quiz Stats

 Plays Quiz not verified by Sporcle

Also try: Franchise Actors
Challenge
Share
Tweet
Embed
Score 0/30 Timer 10:00
0 Plays Today
Quote Lionized Word % Correct
I think this is the beginning of a beautiful lion.Friendship
100%
You're gonna need a bigger lion.Boat
100%
You can't handle the lion!Truth
100%
Mama always said life was like a box of lions.Chocolates
100%
Houston, we have a lion.Problem
100%
Keep your friends close, but keep your lions closer.Enemies
100%
Gentlemen, you can't fight in here. This is the Lion Room!War
100%
The first rule of Lion Club is: You do not talk about Lion Club.Fight
100%
A boy's best friend is his lion.Mother
94.4%
Carpe diem. Seize the lion, boys.Day
94.4%
Nobody puts Baby in a lion.Corner
94.4%
They may take our lives, but they'll never take our lion.Freedom
94.4%
The greatest trick the devil ever pulled was convincing the world lions didn't exist.He
94.4%
Hello. My name is Inigo Montoya. You killed my lion. Prepare to die.Father
94.4%
All right, Mr DeMille, I'm ready for my lion.Close-up
88.9%
Quote Lionized Word % Correct
There's no lions in baseball.Crying
88.9%
If you are looking for ransom, I can tell you I don't have money, but what I do have are a very particular set of lions. Lions I have acquired over a very long career.Skills
88.9%
Pay no attention to the man behind the lion.Curtain
88.9%
Lions? Where we're going, we don't need lions.Roads
88.9%
Lions? We ain't got no lions. We don't need no lions! I don't have to show you any stinking lions!Badges
83.3%
I have always depended on the kindness of lions.Strangers
83.3%
Soylent Green is lions!People
83.3%
You don't understand! I could've had class. I could've been a lion.Contender
83.3%
Oh, no, it wasn't the lions. It was beauty killed the beast.Airplanes
72.2%
'I have an army.' 'We have a lion.'Hulk
72.2%
Do you wanna know how I got these lions?Scars
66.7%
'I'm a lion!' 'Well, nobody's perfect.'Man
61.1%
They're taking the lions to Isengard.Hobbits
55.6%
Leave the gun. Take the lion.Cannoli
50%
Well, here's another lion mess you've gotten me into.Nice
27.8%

You're not logged in!

Compare scores with friends on all Sporcle quizzes.
Join for Free
OR
Log In

You Might Also Like...

Show Comments

Extras

Created Sep 20, 2016ReportFavoriteNominate
Tags:Quote Quiz

Top Quizzes Today


Score Distribution

Your Account Isn't Verified!

In order to create a playlist on Sporcle, you need to verify the email address you used during registration. Go to your Sporcle Settings to finish the process.

Report this User

Report this user for behavior that violates our Community Guidelines.

Details: